Argentina in the 20th century <an> account of long-awaited growth
Enregistré dans:
| Auteur principal: | |
|---|---|
| Collectivité auteur: | |
| Autres auteurs: | |
| Format: | Livre |
| Langue: | anglais |
| Publié: |
Paris
OECD
1997
|
| Collection: | Development Centre studies
|
| Sujets: | |
| Tags: |
Pas de tags, Soyez le premier à ajouter un tag!
|
MARC
| LEADER | 00000nam a2200000 4500 | ||
|---|---|---|---|
| 001 | c119310 | ||
| 005 | 20221124073057.6 | ||
| 020 | |a 92-64-15481-7 | ||
| 041 | 0 | |a eng | |
| 044 | |a FR | ||
| 245 | 1 | 0 | |a Argentina in the 20th century |b <an> account of long-awaited growth |c Marie-Ange Véganzones with Carlos Winograd |
| 264 | 1 | |a Paris |b OECD |c 1997 | |
| 300 | |a 275 s. | ||
| 490 | 1 | |a Development Centre studies | |
| 830 | 0 | |a Development Centre studies | |
| 610 | 2 | 0 | |a vývoj hospodársky |
| 610 | 2 | 0 | |a rast hospodársky |
| 610 | 2 | 0 | |a rozvoj hospodársky |
| 610 | 2 | 0 | |a liberalizácia |
| 610 | 2 | 0 | |a populácia |
| 610 | 2 | 0 | |a zamestnanosť |
| 610 | 2 | 0 | |a vzdelávanie |
| 610 | 2 | 0 | |a ukazovatele makroekonomické |
| 610 | 2 | 0 | |a Argentína |
| 610 | 2 | 0 | |a 1901-2000 |
| 610 | 2 | 0 | |a OECD |
| 100 | 1 | |a Véganzones, Marie-Ange | |
| 700 | 1 | |a Winograd, Carlos | |
| 710 | 2 | |a OECD. Development Centre | |